100 Biggest U.S. Cities in 1970 on a Map - Statistics

General Stats
  • This quiz has been taken 531 times
  • The average score is 84 of 100
Answers on the Map
Answers color-coded by a green-red scale on the quiz's map according to % correct below.
 
Answer Stats
State Population City % Correct
IL 3,366,957 Chicago
98%
TX 1,232,802 Houston
98%
CA 2,816,061 Los Angeles
98%
FL 334,859 Miami
98%
NY 7,894,862 New York
98%
CA 715,674 San Francisco
98%
WA 530,831 Seattle
98%
MA 641,071 Boston
97%
TX 844,401 Dallas
97%
MI 1,511,482 Detroit
97%
PA 1,948,609 Philadelphia
97%
AZ 581,562 Phoenix
97%
OR 382,619 Portland
97%
CA 696,769 San Diego
97%
GA 496,973 Atlanta
96%
CO 514,678 Denver
96%
IN 744,624 Indianapolis
96%
MO 507,087 Kansas City
96%
KS 168,213 Kansas City
96%
LA 593,471 New Orleans
96%
UT 175,885 Salt Lake City
96%
DC 756,510 Washington
96%
MD 905,759 Baltimore
95%
MS 153,968 Jackson
95%
MN 434,400 Minneapolis
95%
TN 448,003 Nashville
95%
OK 366,481 Oklahoma City
95%
TX 654,153 San Antonio
95%
NM 243,751 Albuquerque
94%
TX 251,808 Austin
94%
NY 462,768 Buffalo
94%
OH 750,903 Cleveland
94%
HI 324,871 Honolulu
94%
PA 520,117 Pittsburgh
94%
FL 277,767 Tampa
94%
NC 241,178 Charlotte
93%
OH 452,524 Cincinnati
93%
OH 539,677 Columbus
93%
GA 154,168 Columbus
93%
TX 322,261 El Paso
93%
TN 623,530 Memphis
93%
WI 717,099 Milwaukee
93%
CA 254,413 Sacramento
93%
MO 622,236 St. Louis
93%
FL 528,865 Jacksonville
92%
LA 165,963 Baton Rouge
91%
TX 393,476 Fort Worth
91%
CA 445,779 San Jose
91%
KY 361,472 Louisville
89%
MN 309,980 St. Paul
89%
NE 347,328 Omaha
88%
VA 249,621 Richmond
88%
IA 200,587 Des Moines
87%
CA 361,561 Oakland
87%
AZ 262,933 Tucson
87%
OK 331,638 Tulsa
87%
AL 300,910 Birmingham
86%
RI 179,213 Providence
86%
NE 149,518 Lincoln
85%
WI 173,258 Madison
85%
NJ 382,417 Newark
85%
VA 172,106 Virginia Beach
85%
CA 165,972 Fresno
84%
CT 158,017 Hartford
83%
KS 276,554 Wichita
83%
AL 190,026 Mobile
80%
WA 170,516 Spokane
80%
OH 383,818 Toledo
80%
NY 296,233 Rochester
79%
NY 197,208 Syracuse
79%
OH 275,425 Akron
78%
NJ 260,545 Jersey City
78%
TN 174,587 Knoxville
78%
TX 204,525 Corpus Christi
76%
OH 243,601 Dayton
76%
MI 197,649 Grand Rapids
76%
MA 163,905 Springfield
76%
FL 216,232 St. Petersburg
76%
CA 358,633 Long Beach
75%
IN 175,415 Gary
74%
WA 154,581 Tacoma
74%
FL 139,590 Fort Lauderdale
72%
CA 166,701 Anaheim
71%
IN 177,671 Fort Wayne
69%
NC 144,076 Greensboro
69%
TX 149,101 Lubbock
69%
VA 307,951 Norfolk
69%
CA 140,089 Riverside
68%
LA 182,064 Shreveport
67%
NY 204,297 Yonkers
67%
MI 193,317 Flint
66%
VA 174,284 Arlington
63%
CT 156,542 Bridgeport
63%
MA 176,572 Worcester
63%
OH 139,788 Youngstown
52%
IN 138,764 Evansville
50%
IL 147,370 Rockford
49%
CA 156,601 Santa Ana
47%
NJ 144,824 Paterson
43%
MI 179,260 Warren
30%
No matching quizzes found
Score Distribution
Percent of People with Each Score
Percentile by Number Answered
Your Score History
You have not taken this quiz